Normal view
MARC view
Entry Personal Name
001 - CONTROL NUMBER
- control field: 3186
003 - CONTROL NUMBER IDENTIFIER
- control field: BD-RjUL
005 - DATE AND TIME OF LATEST TRANSACTION
- control field: 20220525155205.0
008 - FIXED-LENGTH DATA ELEMENTS
- fixed length control field: 220525|| aca||aabn | a|a d
040 ## - CATALOGING SOURCE
- Original cataloging agency: BD-RjUL
- Transcribing agency: BD-RjUL
100 ## - HEADING--PERSONAL NAME
- Personal name: Mahal, Mst. Ferdowsi
670 ## - SOURCE DATA FOUND
- Source citation: Work cat.: (BD-RjUL)79851: Mahal, Mst. Ferdowsi, Study of Fruit rot Disease of Chilli Caused by Alternaria Tenuis And its Control in Bangladesh /, 2004